Characteristics of Selected European Associations Promoting Organic Farming Practices and Development in this Field

Charakteristika vybraných európskych združení, ktoré podporujú ekologické poľnohospodárstvo, výrobu ekologických potravín, organizovanie kontrolných orgánov: malých, stredných a veľkých podnikov, výskumných jednotiek a spotrebiteľov v Európe s cieľom identifikovať potreby výskumu odvetvia ekologick...

Ausführliche Beschreibung

Gespeichert in:
Bibliographische Detailangaben
1. Verfasser: Jarossová, Malgorzata Agnieszka, 1978-
Weitere Verfasser: Cierniak-Emerych, Anna, Dziuba, Szymon, Lacková, Alica
Format: Buchkapitel
Sprache:Englisch
Schlagworte:
Tags: Tag hinzufügen
Keine Tags, Fügen Sie das erste Tag hinzu!

MARC

LEADER 00000nla a2200000 4500
001 0243875
005 20240502083653.7
041 0 |a eng 
044 |a CZ 
245 1 0 |a Characteristics of Selected European Associations Promoting Organic Farming Practices and Development in this Field  |c Malgorzata A. Jarossová, Anna Cierniak Emerych, Szymon Dziuba, Alica Lacková 
520 |a Charakteristika vybraných európskych združení, ktoré podporujú ekologické poľnohospodárstvo, výrobu ekologických potravín, organizovanie kontrolných orgánov: malých, stredných a veľkých podnikov, výskumných jednotiek a spotrebiteľov v Európe s cieľom identifikovať potreby výskumu odvetvia ekologického poľnohospodárstva a tiež poskytnúť oboznámenie s európskou legislatívou. 
610 2 0 |a poľnohospodárstvo 
610 2 0 |a poľnohospodárstvo ekologické 
610 2 0 |a poľnohospodárstvo alternatívne 
610 2 0 |a biopotraviny 
610 2 0 |a bioprodukty 
610 2 0 |a biopriemysel 
610 2 0 |a Európska únia 
610 2 0 |a legislatíva 
610 2 0 |a zákony 
100 1 |a Jarossová, Malgorzata Agnieszka, 1978- 
700 1 |a Cierniak-Emerych, Anna 
700 1 |a Dziuba, Szymon 
700 1 |a Lacková, Alica